France, Belgique ou les deux ? - Statistiques

Statistiques générales
  • Ce quiz a été pris 26 997 fois
    26 065 depuis la dernière actualisation
  • Le résultat moyen est 10 sur 15
Statistiques - réponses
Question Réponse % Correct
A un roi de nos jours. La Belgique
98%
Vaut le plus de points au Scrabble La Belgique
88%
A déjà gagné la Coupe du monde masculine de la FIFA. La France
88%
Est le pays de naissance de Pierre Culliford (Peyo). La Belgique
81%
A colonisé un ou plusieurs pays en Afrique. Les deux
81%
Est subdivisée en départements. La France
76%
A accès à la Mer du Nord. Les deux
67%
Possède des beffrois inscris au patrimoine mondial de l'UNESCO. Les deux
67%
A vu naître l'inventeur du saxophone. La Belgique
61%
Revendique les frites comme l'une de ses spécialités culinaires. Les deux
58%
Observe 11 jours fériés généraux par an. La France
53%
Est traversée par la Meuse. Les deux
53%
Est desservie par l'Eurostar Les deux
52%
Abrite une commune du nom de Dinant. La Belgique
34%
Abrite une ville aussi connue sous le nom de Rijsel La France
17%
Aucun quiz correspondant
Distribution des résultats
% des personnes avec chaque résultat
Percentile par nombre de réponses
Votre historique - résultats
Vous n’avez pas pris ce quiz depuis la dernière actualisation